| 000 | 00975cam a22003014a 4500 | ||
|---|---|---|---|
| 001 | 14365100 | ||
| 005 | 20180215033628.0 | ||
| 008 | 060503s2007 paua b 001 0 eng | ||
| 010 | _a 2006014892 | ||
| 016 | 7 |
_a101275836 _2DNLM |
|
| 020 | _a0781754879 (alk. paper) | ||
| 020 | _a9780781754873 | ||
| 035 | _a(OCoLC)ocm68705597 | ||
| 035 | _a(OCoLC)68705597 | ||
| 040 |
_aDNLM/DLC _cDLC _dNLM _dBAKER _dC#P _dDLC |
||
| 041 | _aeng | ||
| 042 | _apcc | ||
| 060 | 1 | 0 |
_aWB 555 _bC745 2007 |
| 080 | _a615.8515 ben | ||
| 082 | 0 | 0 |
_a615.8515 ben _222 |
| 100 | _a3 | ||
| 101 | _ashm | ||
| 245 | 0 | 0 |
_aConditions in occupational therapy : _ceditors, Ben J. Atchison, Diane K. Dirette. |
| 504 | _aIncludes bibliographical references and index. | ||
| 906 |
_a7 _bcbc _corignew _d1 _eecip _f20 _gy-gencatlg |
||
| 942 |
_2ddc _cBK |
||
| 999 |
_c42574 _d42574 |
||